[Event "TCh-NOR 2006-7"]
[Site "Oslo NOR"]
[Date "2007.03.10"]
[Round "8"]
[White "Svendsen,B"]
[Black "Stubberud,O"]
[Result "1-0"]
[WhiteElo "2221"]
[BlackElo "2196"]

1.d4 Nf6 2.Bg5 Ne4 3.Bf4 c5 4.f3 Qa5+ 5.c3 Nf6 6.d5 Qb6 7.Bc1 e6 8.e4 d6
9.a4 Be7 10.Na3 exd5 11.exd5 O-O 12.Ne2 Re8 13.Nc4 Qd8 14.Kf2 Nbd7 15.g4 Nf8
16.Ng3 b6 17.Ne3 a6 18.h4 g6 19.h5 N6d7 20.f4 Bf6 21.Bg2 Bg7 22.hxg6 fxg6
23.g5 Nb8 24.Ng4 Bxg4 25.Qxg4 Ra7 26.Bd2 Rf7 27.Rhe1 Nbd7 28.Kg1 Rxe1+ 29.Rxe1 c4
30.Qe2 b5 31.axb5 axb5 32.Qe8 Qxe8 33.Rxe8 Nc5 34.Bh3 Ra7 35.Be6+ Kh8 36.Be3 Ra1+
37.Kg2 Nb3 38.Ne4 Re1 39.Kf2 Rb1 40.Nxd6 Rxb2+ 41.Kg3 Nd2 42.Nf7+ Kg8 43.Nd6+ Kh8
44.Nf7+ Kg8 45.Nh6+ Kh8 46.Bd4 Nf1+ 47.Kg4 Nh2+ 48.Kh3  1-0

[Event "TCh-BEL 2006-7"]
[Site "Belgium BEL"]
[Date "2007.03.11"]
[Round "10"]
[White "Winants,L"]
[Black "Hausrath,D"]
[Result "1/2-1/2"]
[WhiteElo "2516"]
[BlackElo "2526"]

1.d4 Nf6 2.Bg5 Ne4 3.Bf4 e6 4.f3 Bd6 5.Bxd6 Nxd6 6.e4 O-O 7.Nc3 Nc6 8.Qd2 Rb8
9.O-O-O b5 10.d5 Ne5 11.Qd4 Qf6 12.Nh3 Qh6+ 13.Kb1 Nec4 14.f4 b4 15.Na4 exd5
16.exd5 Ba6 17.Bxc4 Bxc4 18.Nc5 Bb5 19.Nf2 Nf5 20.Qe4 Nh4 21.Qd4 Nf5 22.Qd2 Qb6
23.Nfe4 d6 24.g4 Ne7 25.Nb3 Bc4 26.f5 Nxd5 27.Rde1 Rfe8 28.f6 Re5 29.fxg7 Rbe8
30.Ng3 Rxe1+ 31.Rxe1 Rxe1+ 32.Qxe1 Qe3 33.Qh1 Qf4 34.Nh5 Qxg4 35.Ng3 Kxg7
36.Nd2  1/2-1/2

[Event "FSGM March"]
[Site "Budapest HUN"]
[Date "2007.03.11"]
[Round "9"]
[White "Hoang Thanh Trang"]
[Black "Toth,E"]
[Result "1/2-1/2"]
[WhiteElo "2470"]
[BlackElo "2283"]

1.d4 Nf6 2.Bg5 Ne4 3.Bf4 c5 4.f3 Qa5+ 5.c3 Nf6 6.Nd2 cxd4 7.Nb3 Qb6 8.Qxd4 Nc6
9.Qxb6 axb6 10.Bg5 h6 11.Bxf6 gxf6 12.e4 d6 13.Bb5 Kd8 14.Ne2 f5 15.O-O Bg7
16.Nf4 fxe4 17.fxe4 Be6 18.Nd5 Bxd5 19.exd5 Ne5 20.Nd4 Kc7 21.Be2 h5 22.a3 Bf6
23.Rae1 Rag8 24.Rf5 h4 25.Nf3 Ng6 26.Bd3 Rg7 27.Re4 Rhg8 28.Rc4+ Kd7 29.Rg4 Ne5
30.Rxg7 Rxg7 31.Nxe5+ dxe5 32.Kf2 Kd6 33.Be4 Bg5 34.Ke2 Bc1 35.b3 Bxa3 36.Rh5 Rg4
37.Bf3 Rf4 38.Rh6+ f6 39.g3 hxg3 40.hxg3 Rf5 41.Rg6 Bb2 42.Bg4 Rg5 43.Rxg5 fxg5  1/2-1/2

[Event "TCh-NOR 2006-7"]
[Site "Oslo NOR"]
[Date "2007.03.11"]
[Round "9"]
[White "Valaker,O"]
[Black "Bentsen,O"]
[Result "1/2-1/2"]
[WhiteElo "2196"]
[BlackElo "2180"]

1.d4 Nf6 2.Bg5 Ne4 3.Bf4 d5 4.e3 e6 5.Bd3 Bd6 6.Bxd6 Nxd6 7.Nd2 Nd7 8.f4 c5
9.c3 b5 10.Qg4 Qf6 11.Qe2 c4 12.Bc2 Bb7 13.Ngf3 Qd8 14.Ne5 g6 15.h4 f6 16.Nxd7 Kxd7
17.h5 Ne4 18.Nxe4 dxe4 19.g4 f5 20.Kf2 Qf8 21.g5 Bd5 22.a3 Kc7 23.Rh4 Rd8
24.Rah1 Rg8 25.Ke1 Rd7 26.Qh2 Rdg7 27.hxg6 hxg6 28.Rh7 Rxh7 29.Qxh7+ Rg7
30.Qh8  1/2-1/2

[Event "56th ch-BUL w"]
[Site "Pernik BUL"]
[Date "2007.03.11"]
[Round "1"]
[White "Andreeva,P"]
[Black "Savova,S"]
[Result "1/2-1/2"]
[WhiteElo "2090"]
[BlackElo "2189"]

1.d4 Nf6 2.Bg5 Ne4 3.Bf4 d5 4.f3 Nf6 5.Nc3 e6 6.e3 Nh5 7.Bg3 Nxg3 8.hxg3 c5
9.Bb5+ Nc6 10.Qd2 Bd7 11.f4 cxd4 12.exd4 Qb6 13.O-O-O Bb4 14.Be2 Qa5 15.Kb1 Rc8
16.a3 Bxc3 17.Qxc3 Qxc3 18.bxc3 Na5 19.Kb2 Nc4+ 20.Bxc4 Rxc4 21.Nf3 f6 22.Rde1 Kf7
23.Re3 h6 24.Nd2 Rc7 25.Nb3 b6 26.Nc1 Rhc8 27.Rhe1 Re8 28.Nd3 a5 29.Nc1 Rcc8
30.Nb3 g5 31.Rh1 Kg6 32.Nd2 Rh8 33.Rf3 Bb5 34.Re3 Bd7 35.Rf3 Rhf8 36.Rhf1 Bb5
37.Re1 Rfe8 38.Rfe3 Bd7 39.Rf3 Rf8 40.Ref1 Bb5 41.Re1 Bd7 42.Ref1  1/2-1/2

[Event "FSGM March"]
[Site "Budapest HUN"]
[Date "2007.03.13"]
[Round "11"]
[White "Hoang Thanh Trang"]
[Black "Ilincic,Z"]
[Result "1-0"]
[WhiteElo "2470"]
[BlackElo "2451"]

1.d4 Nf6 2.Bg5 Ne4 3.Bf4 d5 4.e3 e6 5.Bd3 Bd6 6.Ne2 Bxf4 7.Nxf4 Nd7 8.Bxe4 dxe4
9.Nc3 b6 10.Nxe4 Bb7 11.f3 e5 12.Nd3 f5 13.Ng3 f4 14.exf4 exd4 15.Qe2+ Kf7
16.Ne5+ Nxe5 17.fxe5 Qd5 18.O-O Rad8 19.b3 h5 20.Rad1 Qc5 21.Rf2 h4 22.Nf5 h3
23.f4 g6 24.Ng3 Bxg2 25.f5 gxf5 26.e6+ Ke8 27.Nxf5 Rd5 28.Qg4 d3 29.cxd3 Rxf5
30.Qxf5 Bd5  1-0

[Event "60th ch-RUS sf Urals"]
[Site "Nizhnij Tagil RUS"]
[Date "2007.03.18"]
[Round "5"]
[White "Kalmachevskikh,V"]
[Black "Kabanov,N"]
[Result "0-1"]
[WhiteElo "2333"]
[BlackElo "2526"]

1.d4 Nf6 2.Bg5 Ne4 3.Bf4 d6 4.f3 Nf6 5.e4 Nbd7 6.Nc3 e5 7.Be3 Be7 8.Qd2 O-O
9.O-O-O c6 10.g4 b5 11.h4 exd4 12.Bxd4 b4 13.Nce2 c5 14.Be3 Ne5 15.Nf4 Qa5
16.Kb1 Rb8 17.g5 Nxf3 18.Nxf3 Nxe4 19.Qe1 Nc3+ 20.Kc1 Bb7 21.Rh3 Nxd1 22.Kxd1 Qxa2
23.Bd3 Rfe8 24.Qg3 Bf8 25.Bc1 Be4 26.g6 Bxd3 27.gxf7+ Qxf7 28.cxd3 Qb3+ 29.Kd2 c4
30.dxc4 Qxc4 31.Ne1 Rxe1 32.Qxe1 Qxf4+ 33.Qe3 Qxe3+ 34.Kxe3 g6 35.Kd4 Rb5
36.Bd2 a5 37.b3 Bg7+ 38.Kd3 Rd5+ 39.Ke2 Bf6 40.Bf4 Kf7 41.Rh1 Ke6 42.Bg3 Rc5
43.Be1 Rc2+ 44.Kd1 Rb2 45.Rh3 h5 46.Kc1 Rg2 47.Kd1 Be5 48.Rf3 Kd5 49.Bf2 Ke4
50.Rf8 Bd4  0-1

[Event "zt 2.5 m"]
[Site "San Luis ARG"]
[Date "2007.03.19"]
[Round "1"]
[White "Rodi,L"]
[Black "Roselli Mailhe,B"]
[Result "1/2-1/2"]
[WhiteElo "2291"]
[BlackElo "2446"]

1.d4 Nf6 2.Bg5 Ne4 3.Bf4 c5 4.f3 Qa5+ 5.c3 Nf6 6.d5 d6 7.e4 Nbd7 8.Qd2 g6
9.Na3 Bg7 10.Nc4 Qc7 11.a4 O-O 12.Nh3 b6 13.Nf2 a6 14.Be2 Bb7 15.O-O Rfe8
16.Rfd1 Rad8 17.Ra3 Nh5 18.Bg5 Ne5 19.Nxe5 dxe5 20.c4 a5 21.g3 Nf6  1/2-1/2

[Event "Open"]
[Site "Zagreb CRO"]
[Date "2007.03.23"]
[Round "7"]
[White "Brumen,D"]
[Black "Zaja,I"]
[Result "1/2-1/2"]
[WhiteElo "2367"]
[BlackElo "2458"]

1.d4 Nf6 2.Bg5 Ne4 3.Bf4 d6 4.f3 Nf6 5.e4 Nc6 6.Bb5 a6 7.Bxc6+ bxc6 8.Ne2 Rb8
9.b3 e6 10.O-O Be7 11.c4 Nd7 12.Nbc3 c5 13.d5 e5 14.Be3 Bg5 15.Qd2 h6  1/2-1/2

[Event "Open"]
[Site "Zagreb CRO"]
[Date "2007.03.23"]
[Round "7"]
[White "Draganic,S"]
[Black "Okrosa,M"]
[Result "1/2-1/2"]
[WhiteElo "2238"]
[BlackElo "2025"]

1.d4 Nf6 2.Bg5 Ne4 3.h4 c5 4.d5 Qb6 5.Nd2 Nxg5 6.hxg5 Qxb2 7.g6 Qf6 8.gxf7+ Qxf7
9.e4 g6 10.Ngf3 Bg7 11.Rb1 h6 12.Bd3 Rf8 13.Qe2 g5 14.O-O Qh5 15.Nc4 g4 16.Nh2 d6
17.Ne3 Qg5 18.Nhxg4 Bd4 19.Nh2 Rg8 20.Qf3 Nd7 21.Bb5 b6 22.Nf5 Be5 23.Qh3 Kd8
24.Nf3 Qg6 25.Bxd7 Bxd7 26.Nxe5 dxe5 27.g3 h5 28.Rbd1 Bxf5 29.exf5 Qg4 30.Qg2 h4
31.d6 e4 32.dxe7+ Kxe7 33.Rde1 Kf7 34.Rxe4 h3 35.Re7+ Kxe7 36.Re1+ Kf6 37.Qc6+ Kg5
38.f6 h2+ 39.Kxh2 Rh8+ 40.Kg1 Rae8 41.f4+ Kh5 42.Rxe8 Qxg3+ 43.Kh1 Qh4+ 44.Kg1 Qg4+
45.Kh1 Qd1+ 46.Kg2 Qxc2+ 47.Kf3 Qd3+ 48.Kf2 Qd4+ 49.Kf3 Qd1+ 50.Kf2 Qd4+
51.Kf3 Qd1+ 52.Kf2 Qd4+  1/2-1/2

[Event "Interclubes Paulista"]
[Site "Sao Paulo BRA"]
[Date "2007.03.25"]
[Round "7"]
[White "Stamenkovic,Dr"]
[Black "Zampronha,W"]
[Result "1-0"]
[WhiteElo "2423"]
[BlackElo "2180"]

1.d4 Nf6 2.Bg5 Ne4 3.Bf4 c5 4.f3 Qa5+ 5.c3 Nf6 6.d5 Qb6 7.Bc1 e6 8.e4 d6
9.Na3 exd5 10.exd5 Be7 11.Bd3 O-O 12.Ne2 Nbd7 13.Nc4 Qc7 14.a4 Ne5 15.Nxe5 dxe5
16.c4 Ne8 17.f4 Bh4+ 18.g3 Bf6 19.O-O Bh3 20.Rf2 Bg4 21.Qc2 h6 22.Kg2 exf4
23.Bxf4 Qb6 24.h3 Bd7 25.Rb1 g5 26.Bd2 Be5 27.b4 cxb4 28.c5 Qc7 29.Bxb4 Nf6
30.Bc4 Qc8 31.Rh1 a5 32.Ba3 Re8 33.Bb3 Qc7 34.Qd3 Rad8 35.Rhf1 Kg7 36.Nd4 Bc6
37.Nf5+ Kh8 38.Nd6  1-0

[Event "Open"]
[Site "Zagreb CRO"]
[Date "2007.03.25"]
[Round "9"]
[White "Brumen,D"]
[Black "Ivekovic,Z"]
[Result "1-0"]
[WhiteElo "2367"]
[BlackElo "2085"]

1.d4 Nf6 2.Bg5 Ne4 3.Bf4 d6 4.e3 Nd7 5.Bd3 Nef6 6.Nf3 g6 7.O-O Bg7 8.c4 O-O
9.Nc3 Re8 10.Bc2 e5 11.dxe5 dxe5 12.Nxe5 Nh5 13.Nd3 Nb6 14.Bb3 Be6 15.c5 Nc4
16.Qc2 a6 17.Rad1 Qe7 18.Ne2 b5 19.cxb6 cxb6 20.Bxc4 Rac8 21.Be5 Bxc4 22.Bxg7 Nxg7
23.b3 Bd5 24.Qb2 g5 25.Qd4 Qb7 26.Qg4 Re6 27.Nb4 f5 28.Qxg5 Rg6 29.Qxg6 hxg6
30.Nxd5 Rf8 31.Nef4 Kh7 32.h4 Nh5 33.Nxh5 gxh5 34.Nf4 Qe7 35.g3 Rg8 36.Kh2 Qa3
37.Rd2 Kh6 38.Rfd1 Rg7 39.Rd6+ Kh7 40.R6d2 Kh6 41.Rc2 Rf7 42.Rdd2 Qb4 43.Rc6+ Kh7
44.Rdd6 Qe4 45.Nh3 Rg7 46.Ng5+ Rxg5 47.hxg5  1-0

[Event "Bundesliga 2006-7"]
[Site "Eppingen GER"]
[Date "2007.04.01"]
[Round "15"]
[White "Schneider,Il"]
[Black "Vogt,L"]
[Result "1/2-1/2"]
[WhiteElo "2361"]
[BlackElo "2490"]

1.d4 Nf6 2.Bg5 Ne4 3.Bf4 d5 4.e3 e6 5.Bd3 Bd6 6.Qg4 O-O 7.Bxe4 dxe4 8.Bxd6 Qxd6
9.Nc3 f5 10.Qf4 Bd7 11.f3 Bc6 12.Nge2 exf3 13.gxf3 Nd7 14.Rg1 Qxf4 15.Nxf4 Rae8
16.Kf2 Rf7 17.Nd3 b6 18.a4 a6 19.a5 b5 20.Na2 e5 21.Nab4 Bb7 22.Nc5 Nxc5
23.dxc5 Re6 24.Rad1 c6 25.Rd8+ Rf8 26.Rgd1 Rxd8 27.Rxd8+ Kf7 28.Kg3 g5 29.e4 fxe4
30.fxe4 h5 31.c4 bxc4 32.Nc2 Re8 33.Rxe8 Kxe8 34.Ne3 c3 35.bxc3 Ke7 36.Nf5+ Kf6
37.Nd6 Ba8 38.Ne8+ Kf7 39.Nd6+ Kf6 40.Nc8 Bb7 41.Nd6  1/2-1/2

[Event "ch-Catalonia"]
[Site "Barcelona ESP"]
[Date "2007.04.03"]
[Round "3"]
[White "Mendez Rocha,A"]
[Black "Gonzalez Garcia,S"]
[Result "0-1"]
[WhiteElo "1783"]
[BlackElo "1874"]

1.d4 Nf6 2.Bg5 Ne4 3.h4 c5 4.d5 Qa5+ 5.Nd2 Nxg5 6.hxg5 g6 7.c3 d6 8.e4 Bg7
9.Qb3 Nd7 10.Nc4 Qc7 11.f4 Rb8 12.a4 a6 13.Qa2 b5 14.axb5 axb5 15.Na5 b4
16.Nc6 Rb6 17.Qa7 Rb7 18.Qa5 Qxa5 19.Nxa5 Ra7 20.Nb3 bxc3 21.Rb1 cxb2 22.Rh3 Ra1
23.Nd2 O-O 24.Rb3 Bd4 25.Ngf3 e5 26.f5 Ba6 27.Bxa6 Rxa6 28.f6 h6 29.Nxd4 exd4
30.Rb7 Ne5 31.gxh6 c4 32.Nf3 Nxf3+ 33.gxf3 c3 34.Kd1 d3  0-1

[Event "8th ch-Euro w"]
[Site "Dresden GER"]
[Date "2007.04.03"]
[Round "1"]
[White "Vovinkina,N"]
[Black "Collas,S"]
[Result "0-1"]
[WhiteElo "2202"]
[BlackElo "2389"]

1.d4 Nf6 2.Bg5 Ne4 3.Bf4 d5 4.f3 Nd6 5.Nc3 Nf5 6.Qd2 e6 7.O-O-O Nc6 8.Nb5 Bd6
9.e4 Bxf4 10.Qxf4 Nd6 11.e5 Nf5 12.g4 Nfe7 13.Qd2 O-O 14.Ne2 a6 15.Na3 f6
16.f4 f5 17.h3 Bd7 18.Ng3 Be8 19.gxf5 Nxf5 20.Nxf5 Rxf5 21.h4 Qd7 22.Bd3 Rf8
23.c3 Bh5 24.Rdg1 Qf7 25.Rg5 h6 26.Rg3 Qxf4 27.Qxf4 Rxf4 28.Rhg1 Rf7 29.Bg6 Bxg6
30.Rxg6 Raf8 31.Kc2 Ne7 32.Rxe6 Rf2+ 33.Kb3 Kf7 34.Rxe7+ Kxe7 35.Rxg7+ R8f7
36.Rg6 h5 37.Nc2 Rh2 38.Nb4 c6 39.Nd3 Rf3 40.Nc5 Rff2 41.Nd3 Rd2 42.Rg3 Rxh4
43.Kb4 b6 44.Kb3 Rg4 45.Rf3 a5 46.Ne1 h4 47.Rf6 h3 48.Rh6 Re2 49.Nd3 h2 50.e6 Rg1
51.Rh7+ Kf8 52.Nf4 Re4 53.e7+ Ke8 54.Nh5 Rg6  0-1

[Event "18th Pobeskydi Chance Cup"]
[Site "Frydek Mistek CZE"]
[Date "2007.04.05"]
[Round "2"]
[White "Karhanek,P"]
[Black "Rychlik,H"]
[Result "0-1"]
[WhiteElo "2214"]
[BlackElo "2040"]

1.d4 Nf6 2.Bg5 Ne4 3.Bf4 d5 4.e3 b6 5.Bd3 Bb7 6.Ne2 c5 7.Bxb8 Qxb8 8.Bb5+ Kd8
9.Bd3 Nd6 10.dxc5 bxc5 11.c3 g6 12.O-O Bg7 13.Nd2 e6 14.e4 Ke7 15.exd5 exd5
16.Rb1 Rd8 17.b4 c4 18.Bc2 Nb5 19.Qe1 Kf8 20.Nf3 Re8 21.Ba4 Rxe2 22.Qxe2 Nxc3
23.Qc2 d4 24.Rbe1 d3 25.Qc1 Nxa4 26.Qxc4 Bxf3 27.gxf3 Qd6 28.Qe4 Rd8 29.Qh4 d2  0-1

[Event "XXXIV Open"]
[Site "La Roda ESP"]
[Date "2007.04.05"]
[Round "3"]
[White "Alcaraz Ortega,J"]
[Black "Minzer,C"]
[Result "0-1"]
[WhiteElo "2077"]
[BlackElo "2414"]

1.d4 Nf6 2.Bg5 Ne4 3.Bf4 c5 4.f3 Nf6 5.dxc5 Na6 6.Nc3 Nxc5 7.e4 d6 8.Bc4 Be6
9.Bxe6 Nxe6 10.Be3 g6 11.Nge2 Bg7 12.O-O O-O 13.Qd2 a6 14.Nd4 Qc8 15.Rad1 b5
16.Nxe6 Qxe6 17.Nd5 Nxd5 18.exd5 Qf5 19.c3 Rfc8 20.Rfe1 b4 21.Bd4 bxc3 22.bxc3 Bf6
23.Bxf6 Qxf6 24.Qd4 Rxc3 25.Qxf6 exf6 26.Kf2 Rb8 27.Rd2 Kf8 28.Re4 Rb5 29.Ra4 a5
30.Rad4 f5 31.f4 Ke7 32.R4d3 Rxd3 33.Rxd3 Rb2+  0-1

[Event "ch-Catalonia"]
[Site "Barcelona ESP"]
[Date "2007.04.06"]
[Round "6"]
[White "Cuartas,Ja"]
[Black "Perpinya Rofes,L"]
[Result "1/2-1/2"]
[WhiteElo "2494"]
[BlackElo "2375"]

1.d4 Nf6 2.Bg5 Ne4 3.Bf4 c5 4.f3 Nf6 5.dxc5 Qa5+ 6.Qd2 Qxc5 7.Qc3 e6 8.e4 d5
9.Qxc5 Bxc5 10.Nc3 dxe4 11.Nxe4 Nxe4 12.fxe4 Bd7 13.Nf3 Bc6 14.Bd3 Nd7 15.Ke2 f6
16.Bd2 b5 17.b4 Bb6 18.a4 bxa4 19.c4 f5 20.exf5 exf5 21.c5 Bc7 22.Kf2 Ne5
23.Rhe1 O-O-O 24.Bxf5+ Kb8 25.Bf4 Nd3+ 26.Bxd3 Rxd3 27.Bxc7+ Kxc7 28.Re7+ Rd7
29.Rxd7+ Bxd7 30.Ne5 Bb5 31.Ke3 a5 32.bxa5 Ra8 33.Kd4 Rxa5 34.Ra3 Ra8 35.Rg3 g6
36.Rh3 h5 37.Ra3 Rd8+ 38.Kc3 Be8 39.Nf3 Rd1 40.Nd4 Rc1+ 41.Kb4 Rb1+ 42.Kc3 Rh1
43.h3 Re1 44.Ra2 Re3+ 45.Kb4 Rd3  1/2-1/2

[Event "18th Pobeskydi Arcimpex"]
[Site "Frydek Mistek CZE"]
[Date "2007.04.06"]
[Round "3"]
[White "Wiley,To"]
[Black "Vesselovsky,S"]
[Result "1/2-1/2"]
[WhiteElo "2343"]
[BlackElo "2368"]

1.d4 Nf6 2.Bg5 Ne4 3.Bf4 c5 4.f3 Qa5+ 5.c3 Nf6 6.Nd2 cxd4 7.Nb3 Qb6 8.Qxd4 Nc6
9.Qxb6 axb6 10.Nd4 e5 11.Nxc6 dxc6 12.Bxe5 Be6 13.a3 O-O-O 14.Nh3 Bc5 15.b4 Be3
16.Bf4 Nd5 17.Bxe3 Nxe3 18.Rc1 Rhe8 19.Nf4 Bc4 20.h4 f6 21.h5 g5 22.hxg6 hxg6
23.Nxg6 Nxg2+  1/2-1/2

[Event "8th ch-Euro"]
[Site "Dresden GER"]
[Date "2007.04.07"]
[Round "5"]
[White "Marville,G"]
[Black "Pick,Stef"]
[Result "1/2-1/2"]
[WhiteElo "2020"]
[BlackElo "2067"]

1.d4 Nf6 2.Bg5 Ne4 3.Bf4 c5 4.f3 Nf6 5.d5 Qb6 6.b3 g6 7.e4 Bg7 8.c3 d6 9.Ne2 Bd7
10.Na3 Qc7 11.Qd3 O-O 12.g4 a6 13.Ng3 b5 14.Bd2 e6 15.g5 Nh5 16.Nxh5 gxh5
17.O-O-O exd5 18.Qxd5 Nc6 19.Nb1 Be6 20.Qd3 c4 21.bxc4 Ne5 22.Qc2 Bxc4 23.f4 Ng4
24.Bxc4 Qxc4 25.Rhf1 Qc5 26.Rde1 b4 27.h3 bxc3 28.Nxc3 Nh2 29.Rh1 Nf3 30.Re3 Nxd2
31.Kxd2 Rfc8 32.Rc1 Qa5 33.f5 d5 34.exd5 Bxc3+ 35.Rxc3 Qxd5+ 36.Ke1 Re8+
37.Kf2 Rad8 38.Kg1 h6 39.gxh6 Kh8 40.Rg3 Qd4+ 41.Qf2 Qf6 42.Kh1 Qxh6 43.Qb2+ Kh7
44.Rcg1 Rg8 45.Rxg8 Rxg8 46.Rxg8 Kxg8 47.Qg2+ Qg7 48.Qa8+ Kh7 49.Qxa6 Qe5
50.Qf1  1/2-1/2

[Event "18th Pobeskydi Chance Cup"]
[Site "Frydek Mistek CZE"]
[Date "2007.04.07"]
[Round "6"]
[White "Vysoglad,P"]
[Black "Ruzicka,A"]
[Result "1-0"]
[WhiteElo "2092"]
[BlackElo "1909"]

1.d4 Nf6 2.Bg5 Ne4 3.Bf4 d6 4.Nd2 Nxd2 5.Qxd2 e6 6.e4 Be7 7.Bd3 b6 8.Nf3 Ba6
9.O-O-O Bxd3 10.Qxd3 Nd7 11.h4 a5 12.g4 a4 13.g5 Qc8 14.h5 Qa6 15.Qe3 Qc4
16.Kb1 b5 17.Nd2 Qc6 18.d5 Qc5 19.dxe6 fxe6 20.Qh3 Nf8 21.Be3 Qc6 22.a3 b4
23.axb4 a3 24.bxa3 Rxa3 25.Nb3 Qxe4 26.Bd4 Rg8 27.Rhe1 Qf5 28.Qxf5 exf5 29.Bf6 gxf6
30.gxf6 Kf7 31.Rxe7+ Kxf6 32.Rxc7 Ra6 33.Na5 Rg4 34.c3 Rh4 35.Nb7 Rxh5 36.Nxd6 Ke6
37.Nc4 Kf6 38.b5 Ra8 39.Rd6+ Kg5 40.b6 Rh1+ 41.Kb2 Rh2 42.b7 Rxf2+ 43.Kb3 Rb8
44.Na5  1-0

[Event "LIII Mexican Open"]
[Site "Aguascalientes MEX"]
[Date "2007.04.08"]
[Round "9"]
[White "Almeida Saenz,A"]
[Black "Sanchez Enr.,O"]
[Result "1-0"]
[WhiteElo "2404"]
[BlackElo "2197"]

1.d4 Nf6 2.Bg5 Ne4 3.Bf4 c5 4.f3 Qa5+ 5.c3 Nf6 6.d5 d6 7.e4 g6 8.Na3 Bg7
9.Nc4 Qd8 10.a4 O-O 11.g4 e6 12.dxe6 Bxe6 13.Qxd6 Nbd7 14.Nh3 Re8 15.O-O-O Rc8
16.Ng5 Re7 17.Qd2 Rc6 18.Nxe6 Rcxe6 19.g5 Nh5 20.Bd6 Ne5 21.Bxe7 Qxe7 22.Qd8+ Qf8
23.Qxf8+ Kxf8 24.Rd8+ Ke7 25.Rb8 Nxf3 26.Rxb7+ Kf8 27.Be2 Nxg5 28.Bxh5 gxh5
29.Rxa7 Rxe4 30.Nd6 Rf4 31.Re1 Bh6 32.Kb1 Nf3 33.Ree7 Nxh2 34.Rxf7+ Rxf7
35.Rxf7+ Kg8 36.a5  1-0

[Event "ch-Catalonia"]
[Site "Barcelona ESP"]
[Date "2007.04.08"]
[Round "8"]
[White "Mendez Rocha,A"]
[Black "Arroyo Pascual,A"]
[Result "1-0"]
[WhiteElo "1783"]
[BlackElo "1881"]

1.d4 Nf6 2.Bg5 Ne4 3.h4 c5 4.d5 Qa5+ 5.Nd2 Na6 6.c3 Nxg5 7.hxg5 d6 8.e4 Qc7
9.Bb5+ Bd7 10.a4 Nb8 11.Qe2 a6 12.Bxd7+ Nxd7 13.Nc4 g6 14.Nf3 Bg7 15.O-O h6
16.Rfe1 hxg5 17.Nxg5 Rh5 18.Nh3 O-O-O 19.a5 Rdh8 20.Ra3 Ne5 21.Nxe5 dxe5
22.Qg4+ Qd7 23.Qxd7+ Kxd7 24.b4 cxb4 25.cxb4 f5 26.Rb3 fxe4 27.Rxe4 Rh4 28.Rxh4 Rxh4
29.b5 Ra4 30.bxa6 bxa6 31.Rb6 Rxa5 32.Rxg6 Bf6 33.f4 Kd6 34.fxe5+ Kxe5 35.g4 Kxd5
36.g5 Bd4+ 37.Kg2 Ra2+ 38.Kf3 e5 39.Rg8 e4+ 40.Kg4 Rg2+ 41.Kf5 Be3 42.g6 Rg3
43.g7 Rf3+ 44.Kg4  1-0

[Event "5th Arab Cities"]
[Site "Beirut LBN"]
[Date "2007.04.08"]
[Round "1"]
[White "Al Hadarani,H"]
[Black "Mahdia,F"]
[Result "1-0"]
[WhiteElo "2260"]
[BlackElo "2175"]

1.d4 Nf6 2.Bg5 Ne4 3.Bh4 d5 4.f3 Nd6 5.Nd2 Nc6 6.c3 Nf5 7.Bf2 e5 8.e4 Nfe7
9.Nb3 g6 10.dxe5 Bg7 11.f4 O-O 12.exd5 Qxd5 13.Qxd5 Nxd5 14.g3 g5 15.Bg2 Nce7
16.fxg5 Bxe5 17.Nf3 Bg7 18.O-O Nf5 19.Rae1 c6 20.Nc5 Rd8 21.Ne5 Re8 22.Nxc6 Rxe1
23.Rxe1 Be6 24.Nd4  1-0

[Event "8th ch-Euro"]
[Site "Dresden GER"]
[Date "2007.04.09"]
[Round "7"]
[White "Zweschper,E"]
[Black "Schnoor,E"]
[Result "0-1"]
[WhiteElo "2187"]
[BlackElo "1936"]

1.d4 Nf6 2.Bg5 Ne4 3.Bf4 c5 4.f3 Qa5+ 5.c3 Nf6 6.d5 Qb6 7.b3 g6 8.e4 d6 9.Qd2 Bg7
10.Bh6 O-O 11.Bd3 e6 12.Bxg7 Kxg7 13.c4 a6 14.Nc3 e5 15.Nge2 Qa7 16.g4 Nbd7
17.Ng3 Rh8 18.Qg5 Kf8 19.Qh6+ Ke7 20.h4 b5 21.h5 Ne8 22.hxg6 fxg6 23.cxb5 c4
24.Bxc4 Qd4 25.Qd2 axb5 26.Qxd4 exd4 27.Nxb5 Ne5 28.Nxd4 Nxc4 29.bxc4 Ra4
30.Nb3 Rxc4 31.Rc1 Rxc1+ 32.Nxc1 Kf6 33.Kd2 Kg5 34.Ke3 h5 35.gxh5 gxh5 36.Nd3 h4
37.Nf2 Nf6 38.Ne2 h3 39.Rg1+ Kh4 40.Nf4 h2 41.Rg6 Ng4+ 42.Nxg4 h1=Q 43.Nf2 Qc1+  0-1

[Event "18th Pobeskydi Chance Cup"]
[Site "Frydek Mistek CZE"]
[Date "2007.04.09"]
[Round "9"]
[White "Karhanek,P"]
[Black "Kuchynka,Luk"]
[Result "0-1"]
[WhiteElo "2214"]
[BlackElo "2140"]

1.d4 Nf6 2.Bg5 Ne4 3.Bf4 c5 4.f3 Qa5+ 5.c3 Nf6 6.Nd2 cxd4 7.Nb3 Qf5 8.Bxb8 Rxb8
9.Qxd4 b6 10.e4 Qf4 11.Nh3 Qc7 12.e5 Ng8 13.Nf2 g6 14.e6 Nf6 15.exf7+ Kxf7
16.Bc4+ e6 17.Ne4 Be7 18.Ng5+ Kg7 19.O-O h6 20.Nh3 d5 21.Be2 e5 22.Qd2 Bxh3
23.gxh3 Rbd8 24.Kh1 Nh5 25.f4 Nxf4 26.Nd4 Qd6 27.Nb5 Qd7 28.Rxf4 Bg5 29.Rg1 Bxf4
30.Qd3 e4 31.Qd4+ Kh7 32.Qf6 Bg5 33.Rxg5 hxg5 34.Bg4 Qxb5 35.Qf7+ Kh6 36.h4 Qe8  0-1

[Event "5th Arab Cities"]
[Site "Beirut LBN"]
[Date "2007.04.10"]
[Round "4"]
[White "Abdel Razik,K"]
[Black "Sarsam,S"]
[Result "1/2-1/2"]
[WhiteElo "2375"]
[BlackElo "2384"]

1.d4 Nf6 2.Bg5 Ne4 3.Bf4 d5 4.f3 Nf6 5.Nc3 e6 6.e4 a6 7.exd5 exd5 8.Qd2 Be6
9.O-O-O Nc6 10.g4 Qd7 11.Nge2 h5 12.g5 Ng8 13.Be3 Nge7 14.Nf4 g6 15.Nxe6 fxe6
16.Bh3 Nf5 17.Ne2 Bd6 18.Bxf5 exf5 19.Bf4 Kf7 20.Bxd6 Qxd6 21.Nf4 Rae8 22.Rde1 Rxe1+
23.Rxe1 Re8 24.Rxe8 Kxe8 25.c3 Kf7 26.Kd1 Nb8 27.Nd3 Nd7 28.Qf4 Nf8 29.Ne5+ Kg7
30.h4 Ne6 31.Qe3 Nd8 32.Nd3 Ne6 33.Nc5 Kf7 34.Nd3 Kg7 35.a4 Kf7 36.a5 Nd8
37.Qe5 Qxe5 38.Nxe5+ Kg7 39.Kd2 Ne6 40.Ke3 Kh7 41.b3 f4+ 42.Ke2 Kg7 43.Nd3 Kf7
44.Ne5+ Kg7 45.b4 Nd8 46.Kd3 c6 47.c4 Nf7 48.cxd5 cxd5 49.Nxf7 Kxf7 50.Kc3 Ke6
51.b5 Kd7 52.Kb4 Kd6 53.Ka4 Kd7 54.Kb4 Kd6  1/2-1/2

[Event "Reykjavik International"]
[Site "Reykjavik ISL"]
[Date "2007.04.11"]
[Round "1"]
[White "Asbjornsson,I"]
[Black "Thorfinnsson,Br"]
[Result "1/2-1/2"]
[WhiteElo "2016"]
[BlackElo "2384"]

1.d4 Nf6 2.Bg5 Ne4 3.Bf4 c5 4.f3 Nf6 5.dxc5 Qa5+ 6.Nc3 Qxc5 7.e4 g6 8.Qd2 Bg7
9.Nge2 d6 10.O-O-O Nc6 11.Kb1 Be6 12.Be3 Qa5 13.Nd5 Qxd2 14.Nxf6+ Bxf6 15.Rxd2 Ne5
16.Nf4 Bc4 17.Nd5 Bxd5 18.Rxd5 O-O 19.Be2 a6 20.a4 Rac8 21.c3 Rc6 22.Rhd1 Bg7
23.Bg5 f6 24.Be3 Nf7 25.Kc2 Rb8 26.Ba7 Rbc8 27.Bf2 Kf8 28.Kb3 e6 29.R5d2 f5
30.exf5 gxf5 31.g4 fxg4 32.fxg4 Be5 33.h4 b5 34.axb5 axb5 35.Bd4 d5 36.Rf1 Bg7
37.Bf6 Bxf6 38.Rxf6 Ke7 39.g5 b4 40.cxb4 Ne5 41.Rh6 Rc1 42.Rxh7+ Kd6 43.h5 Rh1
44.g6 Rh3+ 45.Ka2 Ra8+ 46.Kb1 Rh1+ 47.Rd1 Rh2 48.Bf1 Rf8 49.Bb5 Rff2 50.Rg1 Rxb2+
51.Kc1 Ra2 52.Kb1 Rab2+ 53.Kc1 Rbc2+ 54.Kb1 Rb2+ 55.Kc1 Rxb4 56.Rg3 Rbh4
57.Kb1 Rf2 58.Rg1 Rb4+ 59.Ka1 Rxb5 60.Ra7 Rb8 61.h6 Rh2 62.h7 Nxg6 63.Rxg6 Rf8
64.Ra6+ Kc5 65.Rg1 Rxh7 66.Rxe6 Rb7 67.Ra6 Rb4 68.Ra5+ Kb6 69.Ra3 Rb8 70.Rc1 d4
71.Ka2 Kb5 72.Rc7 Kb6 73.Rc2 Rb7 74.Rc1 Rd7 75.Rb3 Kb5 76.Kb2 Re7 77.Rc2 d3
78.Rxb4+ Kxb4 79.Rc8 Re1 80.Rd8 Kc4 81.Rd7 Rh1 82.Rd8 Rh4 83.Kc1 Kc3 84.Rc8+ Kd4
85.Kd2 Rh2+ 86.Kd1 Rh4 87.Kd2  1/2-1/2

[Event "Open"]
[Site "Sydney AUS"]
[Date "2007.04.12"]
[Round "4"]
[White "Smirnov,Vl1"]
[Black "Oliver,G"]
[Result "0-1"]
[WhiteElo "2319"]
[BlackElo "2110"]

1.d4 Nf6 2.Bg5 Ne4 3.Bh4 c5 4.f3 g5 5.fxe4 gxh4 6.e3 Bh6 7.Qh5 Qb6 8.Nd2 cxd4
9.Nc4 Qb4+ 10.Kd1 Bxe3 11.a3 Qa4 12.Nd6+ exd6 13.Bb5 Qa5 14.Bxd7+ Bxd7 15.Qxa5 Nc6
16.Qh5 Rg8 17.h3 Rxg2 18.Qxh4 Ne5 19.Qf6 d3 20.Qxd6 dxc2+ 21.Ke1 Nc4 22.Qd3 Bd2+  0-1

[Event "2nd Open"]
[Site "d'Angers FRA"]
[Date "2007.04.13"]
[Round "2"]
[White "Fota,D"]
[Black "Salvaing,J"]
[Result "1-0"]
[WhiteElo "1930"]
[BlackElo "2088"]

1.d4 Nf6 2.Bg5 Ne4 3.Bf4 d5 4.Nd2 Nf6 5.e3 e6 6.Ngf3 Nbd7 7.Bd3 Be7 8.O-O O-O
9.c3 b6 10.Qc2 Bb7 11.e4 dxe4 12.Nxe4 Rc8 13.Qe2 Nxe4 14.Bxe4 Bxe4 15.Qxe4 Bd6
16.Be5 Nxe5 17.dxe5 Be7 18.Rad1 Qe8 19.Rd2 Rd8 20.Rfd1 Rxd2 21.Rxd2 Qc8 22.g3 Rd8
23.Rxd8+ Qxd8 24.Nd4 Bf8 25.Qc6 a6 26.a4 g6 27.Qe4 c5 28.Nf3 b5 29.axb5 axb5
30.Qb7 b4 31.h4 h6 32.Kg2 Qd3 33.cxb4 cxb4 34.Qc8 Kg7 35.Qc1 Qd5 36.Qd2 Qa2
37.Nh2 b3 38.Ng4 Qa8+ 39.Kf1 Qh1+ 40.Ke2 Qe4+ 41.Ne3 Qxe5 42.Kd1 Qb5 43.Qc3+ Kh7
44.Ng4 Qf1+ 45.Kd2 g5 46.h5 Bg7 47.Nf6+ Bxf6 48.Qxf6 Kg8 49.Qd8+ Kg7 50.Qd4+ Kh7
51.Qf6 Kg8 52.Qd8+ Kg7 53.Qd4+ Kh7 54.Qd3+ Qxd3+ 55.Kxd3 f5 56.Kc3 Kg7 57.Kxb3 e5
58.Kc4 f4 59.g4  1-0

[Event "8th ch-Euro"]
[Site "Dresden GER"]
[Date "2007.04.13"]
[Round "10"]
[White "Wells,P"]
[Black "Ziska,H"]
[Result "1-0"]
[WhiteElo "2499"]
[BlackElo "2389"]

1.d4 Nf6 2.Bg5 Ne4 3.Bf4 c5 4.f3 Qa5+ 5.c3 Nf6 6.Nd2 cxd4 7.Nb3 Qb6 8.Qxd4 Nc6
9.Qxb6 axb6 10.Nd4 Nxd4 11.cxd4 d5 12.Bd2 e6 13.e3 Bd7 14.g4 h6 15.Bd3 Bc6
16.Ne2 Kd7 17.Kf2 Be7 18.Nc3 Ne8 19.b4 Bxb4 20.Nxd5 exd5 21.Bxb4 Nd6 22.Rhb1 Bb5
23.Bxb5+ Nxb5 24.Bc5 Kc6 25.a4 bxc5 26.Rxb5 b6 27.Rab1 Ra6 28.a5 cxd4 29.Rxb6+ Rxb6
30.Rxb6+ Kc5 31.Rb7 Ra8 32.Rc7+ Kd6 33.Rxf7 d3 34.Ke1 Rxa5 35.Kd2 Ra2+ 36.Kxd3 Rxh2
37.Rxg7 Rh3 38.f4 Kc5 39.Rc7+ Kd6 40.Ra7 Rh4 41.Kd4 Rxg4 42.Ra6+ Kd7 43.Rxh6 Rg3
44.Rh5 Kc6 45.Rxd5 Rxe3 46.Rc5+ Kd6 47.Kxe3 Kxc5 48.Ke4  1-0